|
|
|
|
| LEADER |
00000nam a2200000 a 4500 |
| 001 |
vtls009181472 |
| 003 |
SK-MaSNL |
| 005 |
20260302084846.0 |
| 008 |
250414s2007 xo odl f 000 0 slo |
| 015 |
|
|
|a SNBA2008/03-01038
|
| 020 |
|
|
|a 9788089216147 (brož.)
|
| 035 |
|
|
|a bbb66ebd-f2e4-4a3b-bd93-5b1075aa1eb9
|
| 035 |
|
|
|a urn:nbn:sk:snk-amjsd9
|
| 035 |
|
|
|a urn:nbn:sk:snk:ar-a0ce13
|
| 040 |
|
|
|a SNK
|b slo
|c SNK
|e AACR2
|
| 041 |
0 |
|
|a slo
|a cze
|
| 044 |
|
|
|a xo
|c SK
|
| 072 |
|
7 |
|a 631
|x Poľnohospodárstvo. Pedológia. Agrotechnika. Agroekológia
|2 konspekt
|
| 080 |
|
|
|a 631.15
|2 2001
|
| 080 |
|
|
|a 636.08
|2 2001
|
| 080 |
|
|
|a 631.1
|2 2001
|
| 080 |
|
|
|a 551.584
|2 2001
|
| 080 |
|
|
|a (062.534)
|2 2001
|
| 245 |
0 |
0 |
|a Vnútorná klíma poľnohospodárskych objektov
|b optimalizácia procesu tvorby mikroklímy stavebno-technickými opatreniami : redukcia tepelnej záťaže objektov v chove zvierat : zborník prednášok zo sprievodného odborného seminára výstavy Agrokomplex 2007
|
| 250 |
|
|
|a 1. vyd.
|
| 260 |
|
|
|a Bratislava
|b Slovenská spoločnosť pre techniku prostredia ZSVTS
|c 2007
|
| 300 |
|
|
|a 55 s.
|b grafy, fotogr., tab.
|c 29 cm
|
| 366 |
|
|
|e 30 výt.
|
| 500 |
|
|
|a Názov z obalu
|
| 504 |
|
|
|a Bibliogr. odkazy
|
| 546 |
|
|
|a Čiast. text čes.
|
| 650 |
0 |
7 |
|a poľnohospodárska výroba
|2 SNKPH
|9 973
|
| 650 |
0 |
7 |
|a chov zvierat
|2 SNKPH
|9 2803
|
| 650 |
0 |
7 |
|a poľnohospodárske stavby
|2 SNKPH
|9 84678
|
| 650 |
0 |
7 |
|a kryptoklíma
|2 SNKPH
|9 16940
|
| 655 |
|
7 |
|a zborníky konferencií
|2 SNKPH
|9 70153
|
| 655 |
|
7 |
|a issue_zb
|2 SNK
|9 276493
|
| 852 |
|
|
|a Slovenská národná knižnica
|
| 919 |
|
|
|a 978-80-89216-14-7
|
| 954 |
|
|
|a odborná, vedecká literatúra pôvodná (slovenská)
|2 lita
|
| 954 |
|
|
|a odborná, vedecká literatúra cudzojazyčná (svetová)
|2 lita
|
| 958 |
|
|
|a ART
|
| 958 |
|
|
|a NB
|
| 958 |
|
|
|a OND
|
| 968 |
|
|
|d 63
|
| 999 |
|
|
|c 1189554
|d 1191484
|
| 952 |
|
|
|a SNK
|b SNK
|y PREZ
|7 0
|p 17A0578586
|o snkSB 75633
|i snk2008/2995
|8 0
|0 0
|1 0
|4 0
|d 2008-02-06
|f 1
|l 0
|r 2025-04-28 00:00:00
|w 2026-02-24
|
| 952 |
|
|
|a SNK
|b SNK
|y VYP
|7 0
|p 17A0578587
|o snkSB 75633 D1
|i snk2008/2996
|8 0
|0 0
|1 0
|4 0
|d 2008-02-06
|l 0
|r 2016-06-30 00:00:00
|w 2026-02-24
|